000 00750nam a2200265Ia 4500
005 20260121173417.0
008 008 260114s9999 xx 000 0 eng d
020 _a9783031144400
037 _aEBOOK
040 _aCRL
040 _beng
040 _cCRL
041 _2eng
041 _aeng
084 _qCRL
100 _aHenrike C. Besche, Richard M. Schwartzstein, Randall W. King, Melanie P. Hoenig, Barbara A. Cockrill
_91100525
245 2 _aA Step-by-Step Guide to Case-Based Collaborative Learning (CBCL)
260 _bSpringer
260 _bSpringer
260 _c2022
856 _uhttps://link.springer.com/openurl?genre=book&isbn=978-3-031-14440-0
942 _cEBOOK
999 _c1666270
_d1666270